000
00304nam a22001457a 4500
008
210514b ||||| |||| 00| 0 eng d
020
_a
9780844250762
041
_a
eng
080
_a
159.9
082
_a
159.9
100
_a
48
101
_a
PSI
245
_a
Coming of Age
_c
Emra,B
942
_2
udc
_c
BK
999
_c
57314
_d
57314